000 00301nam a2200121Ia 4500
005 20251222141944.0
008 251222s9999||||xx |||||||||||||| ||spa||
020 _a84-9742-059-4
082 _a371.78/S63
100 _aSobrado Fernández, Luis M.
245 0 _aDiagnóstico en Educación:
942 _cLIB
999 _c9463
_d9463